000 00291nam a2200121Ia 4500
008 240731s9999 xx 000 0 und d
022 _a2380-0135
245 0 _aApplied Mobilities
260 _bRoutledge
856 _uhttps://www.tandfonline.com/loi/rapm20
942 _2ddc
942 _cTFEJ
999 _c75366
_d75366
945 _a1
_bMadushi Gamage
_c1
_dMadushi Gamage